[Event "Division I"]
[Site "Chess.com"]
[Date "2024.05.12"]
[Round "3.3"]
[White "Carlsen, Magnus"]
[Black "Keymer, Vincent"]
[Result "1/2-1/2"]
[WhiteElo "2891"]
[BlackElo "2818"]
[Annotator "Stockfish 16.1"]
[PlyCount "140"]
[EventDate "2024.??.??"]
[WhiteTeam "NOR"]
[BlackTeam "GER"]
[WhiteClock "0:01:31"]
[BlackClock "0:00:16"]

{[%evp 16,140,29,4,29,17,26,7,10,3,10,13,14,14,14,20,27,23,41,43,70,27,50,42,41,13,20,17,19,2,0,0,7,1,1,-30,-21,-72,-25,-32,-32,-25,-25,-44,-50,-73,-75,-87,-83,-94,-95,-80,-84,-101,-80,-98,-58,-58,-54,-110,-126,-94,-19,-37,-8,-7,-7,-11,0,-44,0,-9,-11,-20,-24,-26,-22,-33,0,-1,-1,-8,0,-8,-12,-16,-11,-13,-13,-13,-19,-19,-19,-19,0,0,0,0,0,0,0,0,0,0,0,0,0,0,0,0,0,0,0,0,0,0,0,0,0,0,0,0,0,0,0,0,0]} 1. e4 {Lenderman,Aleksandr} e5 2. Nf3 Nc6 3. Bb5 a6 4. Ba4 Nf6 5. O-O Be7 ({RR} 5... Nxe4) ({RR} 5... b5) ({RR} 5... Bc5) 6. Re1 b5 7. Bb3 O-O 8. a4 ({RR} 8. c3 d5 9. exd5 ({RR} 9. d4 dxe4 10. Nxe5 Bb7 11. Nxc6 Bxc6 12. Bg5 Nd5 13. Bxe7 Qxe7 14. Nd2 f5 15. f3 e3 16. c4 ({RR} 16. f4 Kh8 17. Qf3) 16... Nf4 17. cxb5+ Kh8 18. Nc4 e2 19. Qd2 Qg5 20. Rxe2 Nxe2+ 21. Qxe2 Bxb5 22. Qe3) 9... Nxd5 10. Nxe5 Nxe5 11. Rxe5 c6 12. d3 Bd6 13. Re1 Bf5 14. Qf3 Qh4 15. g3 Qh3 16. Bxd5 cxd5 17. Be3 Bxd3 18. Qxd5 Rad8 19. Qf3 Rfe8 20. Nd2 Qf5 21. Qxf5 Bxf5 22. Bd4 f6) ({RR} 8. d4 Nxd4 ({RR} 8... d6 9. c3 Bg4) 9. Nxd4 ({RR} 9. Bxf7+ Rxf7 10. Nxe5 Rf8 11. Qxd4 Bb7 12. c4 c5 13. Qd3 Qc7 14. Nf3 bxc4 15. Qxc4+ d5 16. exd5 Bxd5 17. Qe2 Bd6 18. Nc3 Bxf3 19. Qxf3 Bxh2+ 20. Kf1 Rad8 ({RR} 20... Be5) 21. g3 Nh5 22. Qxh5 Rxf2+ 23. Kxf2 Qxg3+) 9... exd4 10. e5 Ne8 11. c3 ({RR} 11. Qxd4 Bb7 12. c4 c5 13. Qg4 d6 14. Nc3 ({RR} 14. Bf4 bxc4 15. Bxc4 d5) 14... dxe5 15. cxb5 axb5 16. Nxb5 Nf6 17. Qf5 Qb6) 11... dxc3 12. Nxc3 d6 13. Qf3 Be6 14. Nd5 Rc8 15. Bf4 Bxd5 ({RR} 15... dxe5 16. Nxe7+ ({RR} 16. Bxe5 Bd6 17. Rad1 Bxe5 18. Rxe5 Bxd5 19. Rexd5 Nd6 20. Qf4 Qe7 21. Re5 Qf6 22. Qxf6 gxf6 23. Rc5 Rfd8 24. Rdc1 Re8 25. g3 Re2 26. Rxc7 Rxc7 27. Rxc7 Rxb2 28. Rc6 Ne4 29. Rxa6 Nc5) 16... Qxe7 17. Bxe5 Nd6 18. Qc3 Qg5 19. Bxe6 fxe6 20. Rac1 ({RR} 20. b3 Qg6 21. Qc6 Nf7 22. Bg3 e5 23. Rac1 Qf6 24. h3 Rfd8) 20... Nc4 21. Bg3 Rfe8 22. b3 Nb6 23. Qa5 Nd5 24. Rc6 e5 25. Rxa6 c6 26. h4 Qf6 27. a4) 16. Bxd5 dxe5 17. Rxe5 Bf6 18. Re2 Nd6 19. Rd1 Bg5 20. Be5 Bf6 21. Bf4) 8... b4 ({RR} 8... Rb8 9. axb5 axb5 10. d3 d6 11. Nbd2) 9. d3 ({RR} 9. d4) 9... Rb8 ({RR} 9... Bc5 10. c3 ({RR} 10. Be3 Bxe3 11. Rxe3 d6 12. Nbd2 Na5 13. Ba2 c5 14. Nc4 Nxc4 15. Bxc4 Be6) ({RR} 10. Nbd2) 10... bxc3 ({RR} 10... d6 11. d4 Ba7 12. h3) 11. bxc3 ({RR} 11. Nxc3 d6) 11... Rb8 12. Bg5 ({RR} 12. Nbd2) 12... h6 13. Bh4 g5 14. Bg3 ({RR} 14. Nxg5 hxg5 15. Bxg5 Rxb3 16. Qxb3 Bxf2+ 17. Kxf2 Ng4+ 18. Kg1 Qxg5) 14... Nh5 ({RR} 14... d6 15. Nbd2 g4 ({RR} 15... Nh5 16. Nxe5) 16. Nh4 Nh5 17. Nf5 Bxf5 18. exf5 Qg5 19. Ne4 Qxf5 20. Nxc5 dxc5 21. Bd5 Nxg3 22. hxg3 Ne7 23. Bc4) 15. Nbd2 ({RR} 15. Nxe5 Nxg3 16. Nxc6 dxc6 17. hxg3 ({RR} 17. d4 Nxe4 18. Rxe4 Bd6 19. Nd2 c5) 17... Rxb3 18. Qxb3 Qxd3 19. Qd1 Qxg3 20. Qf3 Qxf3 21. gxf3 Rd8) ({RR} 15. Bd5 Nxg3 16. hxg3 Qf6) 15... Nxg3 16. hxg3 Qf6 ({RR} 16... g4 17. Nh2 h5 18. Nxg4 hxg4 19. Qxg4+ Kh7 20. Qh5+ Kg7 21. Qg4+) 17. Nc4 ({RR} 17. Bd5 g4 18. d4 Ba7 19. Nxe5 Nxe5 20. dxe5 Qg5 ({RR} 20... Qxf2+ 21. Kh2 Rb2 22. Qxg4+ Kh7 23. Re2) ({RR} 20... Bxf2+ 21. Kf1) 21. Qe2) 17... d6 18. Ne3 Be6 ({RR} 18... Bxe3) 19. Bxe6 ({RR} 19. Nd5 Bxd5 20. Bxd5 ({RR} 20. exd5) 20... Ne7 21. Bc4 g4 22. d4 Ba7 23. Nh4 exd4 24. cxd4 Bxd4 25. Qxg4+ Qg5 26. Qxg5+ hxg5 27. Rad1 Bc3 28. Re3) ({RR} 19. Nd2 Na5) 19... fxe6 20. Qc2 ({RR} 20. g4 Qf4 21. Qc2 Bxe3 22. Rxe3 Qxg4 23. Qa2) 20... h5 21. Rab1 Rxb1 ({RR} 21... Rbe8) 22. Rxb1 h4 ({RR} 22... g4 23. Nh4 Bb6 24. Rb2) 23. gxh4 gxh4 24. Rb7 {Carlsen,M (2838)-Aronian,L (2774) Karlsruhe/Baden-Baden 2017 CBM 178 [Lenderman,Aleksandr] ½-½ (70)} ({RR} 24. Nh2) {RR} 24... Qg7 ({RR} 24... Rf7 25. Nh2) ({RR} 24... Bb6 25. Nc4 Qg7 26. Nxb6 Rxf3 27. Qe2 Rf7 28. Nc4) 25. Qe2 h3 26. g3 Bb6 27. Nh4 Na5 28. Rxb6 cxb6 29. Qh5) ({RR} 9... d6) 10. Nbd2 Bc5 11. Nc4 ({RR} 11. h3 d6 12. Nc4 Be6 13. Be3 Bxe3 14. fxe3 Ne7 15. a5 Ng6 16. Qd2 h6 17. Ra4 c5 18. Raa1 Nh7 19. Qe2 Kh8 20. Rf1 Qe7 21. Nfd2 Nh4 22. Kh2 Ng5 23. g3 Nxh3 24. gxh4 Qxh4 25. Nf3 Qh5 {Navara,D (2657)-Kantor,G (2584) London ENG 2025 1-0}) 11... d6 12. Be3 $146 (12. h3 {with more complications.} Be6 13. c3 bxc3 14. bxc3 h6 15. Ba2) ({RR} 12. h3 h6 13. c3 bxc3 14. bxc3 Be6 15. Ba2 Re8 16. Re2 Qd7 17. d4 exd4 18. cxd4 Nb4 19. Bb3 Ba7 20. Ba3 Nc6 21. Ba2 Bxh3 22. gxh3 Qxh3 23. Re3 Rxe4 24. Nh2 Rxe3 25. Nxe3 Bxd4 26. Qf1 Qh5 {Oparin,G (2478)-Tkachiev,V (2650) Caleta 2013 ½-½ (45)}) ({RR} 12. a5 h6 13. Be3 Bxe3 14. fxe3 Be6 15. Rf1 Kh8 16. Qe1 Ne7 17. Nh4 Nh7 18. Qg3 Qd7 19. Rf2 g5 20. Nf5 Nxf5 21. exf5 Bxc4 22. Bxc4 Nf6 23. Bxa6 Kg7 24. Bc4 d5 25. Bb3 Qd6 26. Rff1 Ra8 {Zhalmakhanov,R (2493)-Keymer,V (2738) Samarkand UZB 2023 0-1 (55)}) 12... Bxe3 13. fxe3 Ne7 14. Rf1 Ng6 15. Qe1 h6 16. Na5 {[#] Hoping for Nc6.} Qe8 17. Nh4 {Black must now prevent Nxg6.} Kh7 18. Qg3 (18. Nf5 {is more complex.} Be6 19. Rf3 d5 20. exd5 Bxd5 21. e4) 18... Be6 19. Bxe6 fxe6 20. Qxg6+ (20. Nf3 {keeps more tension.} Rd8 21. Qh3 Kg8 22. Nc4 Nd7 23. Ncd2) 20... Qxg6 21. Nxg6 Kxg6 22. Nc6 Rb6 23. Na5 $1 d5 24. exd5 exd5 25. Rf3 Re8 26. Raf1 c5 27. Rg3+ Kh7 28. e4 dxe4 29. dxe4 Nxe4 30. Re3 Nd6 31. Rd1 Nf5 $36 {[%mdl 2048] Black is really pushing.} 32. Re4 Rd6 33. Rxd6 Nxd6 $17 {[%mdl 4096] Endgame KRN-KRN} 34. Re1 e4 35. Kf2 Re6 36. Rd1 Nf5 37. c3 bxc3 38. bxc3 Rf6 39. Ke2 Rb6 (39... Rg6 $5 {[%cal Rg6g2]} 40. g3 Rg5 $15) 40. Nc4 Rb3 41. Kd2 Rb7 42. Re1 Re7 43. g3 h5 44. Rb1 Rd7+ 45. Kc2 Re7 46. Kd2 g6 47. Ke2 {The position is equal.} e3 48. Rd1 Kh6 49. Rd5 Re4 50. Rxc5 h4 51. gxh4 Rxh4 52. Kd3 Rxh2 53. Re5 Kg5 54. Re6 Rh1 55. Rxa6 Rd1+ 56. Ke2 Rc1 57. Nxe3 {aiming for Nd5.} Nxe3 58. Kxe3 Rxc3+ $11 {KR-KR} 59. Kd4 Ra3 60. Kc4 Kf5 61. Kb4 Ra1 62. Ra8 g5 63. a5 g4 64. a6 g3 65. a7 Kf4 66. Rf8+ Ke3 67. a8=Q Rxa8 68. Rxa8 g2 69. Rg8 Kf2 70. Rxg2+ Kxg2 {Accuracy: White = 82%, Black = 81%.} 1/2-1/2

[Event "GCT Warsaw 2024"]
[Site "Warsaw, Poland"]
[Date "2024.05.08"]
[Round "1.5"]
[White "Carlsen, Magnus"]
[Black "Erigaisi Arjun"]
[Result "1/2-1/2"]
[WhiteElo "2828"]
[BlackElo "2671"]
[PlyCount "102"]
[EventDate "2024.??.??"]

1. e4 e6 2. d4 d5 3. exd5 exd5 4. h3 Nf6 5. Nf3 Bd6 6. Bd3 O-O 7. O-O Nc6 8. Nc3 ({RR} 8. Bg5 h6 9. Bh4 Nb4 10. Nc3 Nxd3 11. Qxd3 c6 12. Rfe1 Be7 13. a3 Re8 14. Ne5 Nd7 15. Bxe7 Rxe7 16. Nxd7 Bxd7 17. Qd2 Rxe1+ 18. Rxe1 Qf8 19. Re3 Re8 20. Nd1 Rxe3 21. Nxe3 Qd6 22. Qb4 Qxb4 {Shkuran,D (2349)-Larkin,V (2366) Mukachevo UKR 2019 ½-½ (31)}) 8... h6 9. Nb5 $146 ({RR} 9. Be3 Re8 10. Re1 Bd7 11. Qd2 Ne4 12. Bxe4 dxe4 13. Nh2 Bf5 14. d5 Ne5 15. g4 Bh7 16. Bd4 Qh4 17. Kg2 Nf3 {0-1 (17) Bozhilov,G (1302)-Ilieva,R (1238) Sofia 2015}) 9... Re8 10. Nxd6 Qxd6 11. c3 Ne4 12. Re1 Bf5 13. Be3 Re7 14. Bf1 Rae8 15. Rc1 a6 16. Qb3 b5 17. a4 Na5 18. Qb4 Nc4 19. b3 Nxe3 20. Rxe3 c6 21. Rce1 Qf4 22. g3 Qc7 23. axb5 axb5 24. Bg2 Re6 25. c4 bxc4 26. bxc4 Rb8 27. Qa3 Nd6 28. cxd5 Rxe3 29. Rxe3 Nc4 30. Re7 Nxa3 31. Rxc7 cxd5 32. Ne5 Be6 33. Rc5 Rb1+ 34. Kh2 Rb2 35. Bxd5 Rxf2+ 36. Kg1 Rd2 37. Nf3 Rd1+ 38. Kf2 Bxd5 39. Rxd5 Kf8 40. Rc5 Rb1 41. d5 Nb5 42. Nd2 Rb2 43. Ke3 Ke7 44. Rc6 Nd6 45. Rxd6 Rxd2 46. Rxh6 Rxd5 47. Ra6 Rb5 48. Ra7+ Ke6 49. Ra6+ Ke7 50. Ra7+ Ke6 51. Ra6+ $146 Ke5 1/2-1/2

[Event "GCT Warsaw 2024"]
[Site "Warsaw, Poland"]
[Date "2024.05.08"]
[Round "2.1"]
[White "Wei, Yi"]
[Black "Carlsen, Magnus"]
[Result "0-1"]
[WhiteElo "2758"]
[BlackElo "2828"]
[PlyCount "84"]
[EventDate "2024.??.??"]

1. e4 c5 2. Nf3 Nc6 3. Bb5 g6 4. Bxc6 dxc6 5. d3 Qc7 6. Be3 ({RR} 6. O-O e5 7. Be3 Nf6 8. Qe1 Bg4 9. Nbd2 Nh5 10. a3 Be7 11. Qb1 Nf4 12. b4 Ne2+ 13. Kh1 Nd4 14. Ng1 g5 15. bxc5 Bxc5 16. Bxg5 Rg8 17. Bh4 Be7 18. Bg3 O-O-O 19. Nc4 f6 20. a4 Ne6 {Aronian,L (2752)-Carlsen,M (2875) Stavanger NOR 2019 ½-½ (68)}) ({RR} 6. h3 e5 7. Be3 Be6 8. a4 f6 9. Qd2 a5 10. Na3 b6 11. b3 Ne7 12. Bh6 O-O-O 13. Bxf8 Rhxf8 14. Qh6 Ng8 15. Qe3 Ne7 16. Qh6 Ng8 17. Qe3 Ne7 18. O-O-O Kb7 19. Kb2 Nc8 20. Rhe1 g5 {Abdumalik,Z (2502)-Dzagnidze,N (2525) Struga MKD 2021 ½-½ (34)}) ({RR} 6. O-O e5 7. a4 Nf6 8. a5 Nh5 9. Nc3 Be7 10. Be3 O-O 11. Nd2 Rb8 12. Ne2 Nf4 13. Nc4 Be6 14. b3 b5 15. axb6 axb6 16. Qd2 Nxe2+ 17. Qxe2 b5 18. Nd2 Ra8 19. f3 Ra5 20. Qf2 Rfa8 {Giri,A (2764)-Carlsen,M (2862) chess24.com INT 2020 ½-½ (46)}) 6... e5 7. Qd2 $146 ({RR} 7. h3 f6 8. O-O Nh6 9. Nh2 Be6 10. f4 O-O-O 11. Qc1 Nf7 12. f5 gxf5 13. exf5 Bd7 14. Ng4 Be7 15. Nc3 h5 16. Nh6 Nd6 17. Ne4 Nxe4 18. dxe4 Be8 19. g4 Bf8 20. g5 Qg7 21. Kh2 fxg5 {Ostos,J (2344)-Blanco,C (2185) Valencia 2000 1-0 (38)}) ({RR} 7. Nc3 Nf6 8. h3 h6 9. Qe2 Nh5 10. O-O-O Ng7 11. Kb1 Ne6 12. Qe1 Bg7 13. g4 Nd4 14. Nd2 h5 15. g5 h4 16. Qf1 Be6 17. f4 exf4 18. Bxf4 Be5 19. Bxe5 Qxe5 20. Qf6 Qxf6 21. gxf6 Rh5 {Eren,Y (1906)-Gunduz,U (2268) Denizli TUR 2025 0-1 (39)}) 7... b6 $146 ({RR} 7... h6 8. Qc3 b6 9. Qxe5+ Qxe5 10. Nxe5 Bg7 11. f4 Nf6 12. Nd2 Ng4 13. Nxg4 Bxg4 14. Rb1 Be6 15. Nc4 O-O-O 16. e5 f6 17. exf6 Bxf6 18. Kf2 Rhf8 19. Rhe1 Bd5 20. Kg3 b5 21. Nd2 c4 22. dxc4 {Sadykov,R (2345)-Pinto,D (2274) chess.com INT 2023 ½-½ (49)}) 8. a4 a5 9. Na3 f6 10. O-O Be6 11. Nc4 Bxc4 12. dxc4 Rd8 13. Qe2 Bh6 14. c3 Bxe3 15. Qxe3 Ne7 16. b4 Qd6 17. bxa5 bxa5 18. Rab1 Kf7 19. h3 Rd7 20. Rb2 Qd3 21. Qxc5 Qxc3 22. Rfb1 Rhd8 23. Kh2 g5 24. Rb7 h5 25. R1b3 Qc1 26. Qa7 Ke6 27. Rxd7 Rxd7 28. Qxa5 g4 29. Ng1 Qf4+ 30. Kh1 Qxf2 31. Qb6 g3 32. Rb1 Qxb6 33. Rxb6 Rd1 34. a5 h4 35. a6 Ra1 36. c5 f5 37. exf5+ Kxf5 38. Rb7 Nd5 39. a7 Nf4 40. a8=Q Rxa8 41. Rb1 e4 42. Rf1 Ra2 0-1

[Event "GCT Warsaw 2024"]
[Site "Warsaw, Poland"]
[Date "2024.05.08"]
[Round "3.3"]
[White "Carlsen, Magnus"]
[Black "Duda, Jan-Krzysztof"]
[Result "1/2-1/2"]
[WhiteElo "2828"]
[BlackElo "2748"]
[PlyCount "68"]
[EventDate "2024.??.??"]

1. e4 c5 2. Nf3 d6 3. h3 Nf6 4. Nc3 a6 5. a4 e6 ({RR} 5... Nc6 6. d4 cxd4 7. Nxd4 g6 8. Be3 Bg7 9. g3 O-O 10. Bg2 Bd7 11. O-O Ne5 12. Nde2 Nc4 13. Bc1 Rc8 14. b3 Ne5 15. Bb2 b5 16. axb5 axb5 17. Nd4 b4 18. Nd5 e6 19. Nxf6+ Bxf6 20. Qd2 {Nakamura,H (2769)-Vachier Lagrave,M (2789) Paris FRA 2018 ½-½ (40)}) ({RR} 5... e5 6. Bc4 Be7 7. d3 Nc6 8. Bg5 Rb8 9. Bxf6 Bxf6 10. Nd5 b5 11. axb5 axb5 12. Ba2 O-O 13. O-O g6 14. b4 Bg7 15. bxc5 dxc5 16. Ne3 Kh8 17. Bd5 Nb4 18. Ra7 Nxd5 19. Nxd5 b4 20. Rc7 {Paciorkowski,L (2335)-Zeltsan,J (2325) New York USA 2022 1-0 (31)}) ({RR} 5... Nc6 6. d4 cxd4 7. Nxd4 g6 8. Be3 Bg7 9. g3 O-O 10. Bg2 Bd7 11. O-O Ne5 12. Nde2 Nc4 13. Bc1 Rc8 14. b3 Ne5 15. Bb2 b5 16. axb5 axb5 17. Nd4 b4 18. Nd5 e6 19. Nxf6+ Bxf6 20. Qd2 {Nakamura,H (2769)-Vachier Lagrave,M (2789) Paris 2018 ½-½ (40)}) 6. d4 cxd4 7. Nxd4 b6 8. g4 $146 ({RR} 8. g3 Bb7 9. Bg2 Qc7 10. O-O Nc6 11. Nxc6 Bxc6 12. Bf4 Be7 13. Re1 O-O 14. Qd3 Rfd8 15. Rad1 Qb7 16. Qe2 b5 17. axb5 axb5 18. b4 h6 19. Rd3 d5 20. exd5 Nxd5 21. Nxd5 Bxd5 22. Bxd5 Rxd5 {Nakamura,H (2745)-Nepomniachtchi,I (2776) chess.com INT 2020 0-1 (44)}) ({RR} 8. Be2 Bb7 9. f3 Be7 10. Be3 O-O 11. O-O Nbd7 12. Bd3 Qc7 13. Nce2 Rac8 14. Qd2 d5 15. exd5 Nxd5 16. c3 Nxe3 17. Qxe3 e5 18. Nb3 Bd5 19. Nec1 Nc5 20. c4 Nxb3 21. Nxb3 Bxc4 22. Rac1 b5 {Gavarrete,N (2281)-Yonal,T (2249) chess.com INT 2025 0-1 (47)}) 8... Bb7 9. Bg2 Be7 10. g5 Nfd7 11. h4 Nc6 12. Nxc6 Bxc6 13. Qd4 O-O 14. b3 b5 15. Bb2 e5 16. Qd2 bxa4 17. Nxa4 f6 18. g6 hxg6 19. h5 g5 20. Nc3 Kh8 21. Nd5 Nc5 22. Ba3 a5 23. O-O-O Bxd5 24. Qxd5 Qb6 25. Bh3 a4 26. b4 Na6 27. Qe6 Nxb4 28. Bxb4 Qxb4 29. Qxe7 a3 30. h6 Qb2+ 31. Kd2 Qd4+ 32. Kc1 Qb2+ 33. Kd2 Qd4+ 34. Kc1 Qb2+ 1/2-1/2

[Event "GCT Warsaw 2024"]
[Site "Warsaw, Poland"]
[Date "2024.05.09"]
[Round "5.2"]
[White "Carlsen, Magnus"]
[Black "Abdusattorov, Nodirbek"]
[Result "1-0"]
[WhiteElo "2828"]
[BlackElo "2733"]
[PlyCount "213"]
[EventDate "2024.??.??"]

1. e4 e5 2. Nf3 Nf6 3. d4 Nxe4 4. Bd3 d5 5. Nxe5 Nd7 6. Nxd7 Bxd7 7. Nd2 Nf6 8. O-O Be7 9. h3 O-O 10. Nf3 Re8 11. Re1 c5 12. c3 Qb6 13. a4 $146 ({RR} 13. Ne5 Be6 14. Re2 Rac8 15. Be3 Nd7 16. f4 Nxe5 17. fxe5 Bd7 18. Rf2 Rf8 19. Qf3 Qc6 20. Raf1 h6 21. Qh5 Be8 22. Rf6 Bxf6 23. Rxf6 Qa4 24. Bxh6 g6 25. Bxg6 fxg6 26. Rxg6+ Kf7 27. Qf5+ Ke7 {Peschansky,M-Goreskul,A (2144) Voronezh 1999 1-0}) ({RR} 13. Ne5 Be6 14. Re2 Rac8 15. Be3 Nd7 16. f4 Nxe5 17. fxe5 Bd7 18. Rf2 Rf8 19. Qf3 Qc6 20. Raf1 h6 21. Qh5 Be8 22. Rf6 Bxf6 23. Rxf6 Qa4 24. Bxh6 g6 25. Bxg6 fxg6 26. Rxg6+ Kf7 27. Qf5+ Ke7 {Peschansky,M-Goreskul,A (2144) Voronezh 1999 1-0}) 13... cxd4 14. a5 Qc7 15. Nxd4 Bc5 16. Rxe8+ Rxe8 17. a6 bxa6 18. Rxa6 Bb6 19. Be3 Ne4 20. Bxe4 dxe4 21. Nc2 Bb5 22. Bxb6 axb6 23. Ra3 Rd8 24. Qa1 Bc6 25. Ra7 Qf4 26. Qe1 h5 27. Nd4 Bd5 28. Qe3 Qf6 29. Ra4 h4 30. Rb4 Bb7 31. Ra4 g6 32. Ra7 Bd5 33. Qh6 Bc4 34. Rc7 Bd5 35. Ra7 Bc4 36. Qe3 Bd5 37. Ra1 Bb7 38. Rd1 Kh7 39. Qc1 Ba6 40. Nc2 Bd3 41. Nb4 Bc4 42. Rxd8 Qxd8 43. Qf4 f5 44. Nc6 Qf6 45. Qc7+ Kh6 46. Nd4 Bd5 47. Qf4+ Kg7 48. Qc7+ Kh6 49. b4 f4 50. Qd7 Qe5 51. Qd8 e3 52. Qxh4+ Kg7 53. fxe3 fxe3 54. Ne2 b5 55. Qf4 Qe6 56. Qd4+ Kh7 57. Nf4 e2 58. Nxe2 Qxe2 59. Qxd5 Qe3+ 60. Kh2 Qf4+ 61. g3 Qe3 62. Qd4 Qe2+ 63. Kg1 Qf3 64. Qe5 Kg8 65. h4 Kh7 66. Kh2 Qf2+ 67. Kh3 Qf3 68. Kh2 Qf2+ 69. Kh3 Qf3 70. Qd4 Qf1+ 71. Kh2 Qe2+ 72. Kg1 Qf3 73. Qd7+ Kh6 74. Qd2+ Kh7 75. Kh2 Qf1 76. Qd5 Kh6 77. Qe4 Kg7 78. Qe3 Kh7 79. g4 Qd1 80. Kg3 Qd6+ 81. Qf4 Qd3+ 82. Qf3 Qd6+ 83. Kh3 Qd2 84. h5 gxh5 85. Qf7+ Kh8 86. Qxh5+ Kg7 87. Qe5+ Kh7 88. Kg3 Kg8 89. Kf3 Kh7 90. Qd4 Qb2 91. Kf4 Kg6 92. Qd6+ Kh7 93. Kg5 Qc1+ 94. Qf4 Qe1 95. Qc7+ Kg8 96. Qd8+ Kh7 97. Qd7+ Kg8 98. Kg6 Qe4+ 99. Qf5 Qc6+ 100. Kg5 Kg7 101. Qe5+ Kf7 102. Kf4 Qc4+ 103. Qd4 Qc7+ 104. Ke4 Kg6 105. Kd5 Kf7 106. Qe5 Qc4+ 107. Kd6 1-0

[Event "GCT Warsaw 2024"]
[Site "Warsaw, Poland"]
[Date "2024.05.09"]
[Round "6.4"]
[White "Gukesh D"]
[Black "Carlsen, Magnus"]
[Result "1/2-1/2"]
[WhiteElo "2649"]
[BlackElo "2828"]
[PlyCount "78"]
[EventDate "2024.??.??"]

1. e4 e5 2. Nf3 Nc6 3. Bc4 Nf6 4. Ng5 d5 5. exd5 b5 6. Bf1 Nxd5 7. Bxb5 Bb7 8. d4 exd4 9. O-O Be7 ({RR} 9... Qf6 10. Qf3 Nde7 11. c3 h6 12. Qxf6 gxf6 13. Ne4 O-O-O 14. Nxf6 d3 15. Rd1 Ne5 16. f4 a6 17. Ba4 N5g6 18. Nd2 Nd5 19. Nxd5 Bc5+ 20. Kf1 Bxd5 21. b4 Be3 22. Bb3 Nxf4 23. Bxd5 Rxd5 24. c4 {Nadyrhanov,S (2480)-Obukhov,A (2415) Krasnodar 1997 0-1}) ({RR} 9... Qf6 10. Re1+ Nde7 11. Qg4 h6 12. Nf3 Rd8 13. Na3 Rd5 14. Bf4 Kd8 15. Rad1 g5 16. Be5 Nxe5 17. Rxe5 c6 18. Rxd5+ Nxd5 19. Bc4 Bxa3 20. bxa3 Re8 21. Bxd5 cxd5 22. Qxd4 Qxd4 23. Nxd4 Kc7 24. f3 {Frisk,E (2227)-Skripchenko,A (2403) Batumi GEO 2019 ½-½ (41)}) 10. Nf3 $146 ({RR} 10. Qh5 g6 11. Qh6 Bf8 12. Re1+ Nde7 13. Ne4 Qc8 14. Qh4 Qf5 15. Bxc6+ Bxc6 16. Nf6+ Kd8 17. Qxd4+ Kc8 18. Bf4 Qa5 19. Nc3 Nf5 20. Qc4 Qc5 21. Qxf7 Bd6 22. Nfe4 Qb4 23. Nxd6+ Nxd6 24. Bxd6 Qxd6 {Jarrah,K (2039)-Kryspin,L (2046) Czechia 2006 1-0 (47)}) ({RR} 10. Qh5 g6 11. Qh6 Bxg5 12. Bxg5 f6 13. c4 Kf7 14. cxd5 Qxd5 15. Na3 Qxg5 16. Bc4+ Ke8 17. Qg7 Ne5 18. Bb5+ Kd8 19. Qxh8+ Ke7 20. Qxh7+ Kd6 21. Qh3 Nf3+ 22. Kh1 Rh8 23. Qd7+ Ke5 24. Rae1+ {1-0 (24) Egoroff,J (2311)-Guimaraes,R (2033) Maringa 2012}) ({RR} 10. Qh5 g6 11. Qh6 Qd7 12. Re1 O-O-O 13. Nxf7 Bb4 14. Nxd8 Bxe1 15. Nxc6 Bxc6 16. Ba6+ Kb8 17. Bd2 Re8 18. Na3 Bxd2 19. Qxd2 Nb6 20. c3 Qd5 21. Bf1 Rd8 22. cxd4 Qxd4 23. Qxd4 Rxd4 24. Rc1 Kb7 {Pena,D (1965)-Fonseca,C (2098) Pamplona 2012 ½-½ (32)}) 10... O-O 11. Bxc6 Bxc6 12. Nxd4 Bb7 13. Nd2 Re8 14. c3 $146 ({RR} 14. N2f3 Bf6 15. c4 Nb4 16. Be3 Qc8 17. a3 Nc6 18. Ne2 Bxb2 19. Ra2 Bf6 20. Nf4 Ne7 21. Nh5 Qf5 22. Nxf6+ Qxf6 23. Qd4 Qg6 24. Nh4 Qh5 25. Rb2 Bc6 26. h3 Nc8 27. Qc5 Qxc5 28. Bxc5 Re4 {Zwirs,N (2442)-Schoppen,C (2522) Vlissingen NED 2023 0-1 (33)}) 14... c5 15. Nf5 Bf8 16. Nf3 Qf6 17. Ng3 h6 18. Qc2 Rad8 19. Rd1 Nb6 20. Rxd8 Rxd8 21. Ne1 Re8 22. Be3 Nc4 23. Nf1 Nxe3 24. Nxe3 c4 25. Qa4 Rxe3 26. fxe3 Bc5 27. Nf3 Bxe3+ 28. Kf1 Bc6 29. Qd1 Be4 30. Qd7 Kh7 31. Ke2 Bb6 32. Re1 Qg6 33. Kd1 Qxg2 34. Rxe4 Qxf3+ 35. Re2 Be3 36. b3 Qf1+ 37. Re1 Qf3+ 38. Re2 Qf1+ 39. Re1 Qf3+ 1/2-1/2

[Event "GCT Warsaw 2024"]
[Site "Warsaw, Poland"]
[Date "2024.05.10"]
[Round "7.2"]
[White "Carlsen, Magnus"]
[Black "Praggnanandhaa R"]
[Result "1/2-1/2"]
[WhiteElo "2828"]
[BlackElo "2704"]
[PlyCount "98"]
[EventDate "2024.??.??"]

1. e4 {Yermolinsky,A} e5 2. Nf3 Nc6 3. Bc4 Bc5 4. O-O Nf6 5. d3 d6 6. c3 a6 7. a4 Ba7 8. Nbd2 O-O 9. h3 h6 10. b4 ({RR} 10. Re1 Re8 11. b4 Be6 12. Bxe6 Rxe6 13. Qc2 Ne7 ({RR} 13... Qd7) 14. Nf1 Ng6 15. c4 a5 16. bxa5 Ne7 17. Rb1 Rb8 18. Bd2 Nc6 19. Ng3 Nd7 20. Rb5 Nc5 21. Reb1 Qc8 22. Be3 Re8 23. Nf5 Ne6 24. Qd2 ({RR} 24. a6 bxa6 25. Rxb8 Bxb8 26. c5) 24... h5 {Karjakin,S (2776)-Carlsen,M (2851) Paris 2017 CBM 179 [Yermolinsky,A] 1-0 (86)}) 10... Ne7 11. Re1 Ng6 12. d4 ({RR} 12. Nf1 Be6 13. Bxe6 fxe6 14. Be3 Bxe3 15. Nxe3 Qe7 16. g3 Rf7 17. Ra2 Raf8 18. Nh2 d5 19. Neg4 Nd7 20. h4 Qd6 21. h5 Ne7 22. Qb3 Nc6 23. b5 Na5 24. Qb4 Qb6 25. exd5 exd5 26. bxa6 Qxa6 {Preotu,R (2485)-Swiercz,D (2647) chess.com INT 2021 ½-½ (37)}) 12... c6 $146 ({RR} 12... Re8 13. b5 exd4 14. cxd4 d5 15. exd5 Rxe1+ 16. Qxe1 Nxd5 17. Ne4 axb5 18. axb5 Be6 19. Qa5 Nf8 20. Nc5 b6 21. Nxe6 bxa5 22. Nxd8 Rxd8 23. Rxa5 Bxd4 24. Nxd4 Nb6 25. Bxf7+ Kxf7 26. Be3 Nd5 27. Ra3 {Mosadeghpour,M (2517)-Gholami Orimi,M (2375) Bushehr IRI 2019 1-0 (57)}) ({RR} 12... exd4 13. cxd4 d5 14. exd5 Nxd5 15. Qb3 Be6 16. Ne4 Ndf4 17. Bxf4 Nxf4 18. Bxe6 fxe6 19. Nc5 Bxc5 20. bxc5 b5 21. cxb6 cxb6 22. Re3 b5 23. axb5 axb5 24. Rae1 Rb8 25. Kh2 Qd5 26. Qxd5 exd5 27. Ne5 {Sevian,S (2667)-Hauge,L (2476) Helsingor DEN 2019 1-0 (66)}) ({RR} 12... Be6 13. dxe5 Nxe5 14. Nxe5 dxe5 15. Qe2 Re8 16. Nb3 Qd7 17. Qf1 Nh5 18. Be3 Bxe3 19. Rxe3 Bxc4 20. Qxc4 Nf4 21. a5 Rad8 22. Kh2 Qe6 23. Qxe6 Nxe6 24. g3 Rd6 25. Kg2 Red8 26. Kf1 Kf8 27. Ke2 {Short,N (2679)-McShane,L (2652) London 2016 ½-½ (55)}) 13. Bf1 Re8 14. Qc2 d5 15. exd5 exd4 16. Rxe8+ Qxe8 17. c4 cxd5 18. c5 Ne4 19. Nxd4 a5 $146 ({RR} 19... Bd7 20. Bb2 a5 21. Nxe4 dxe4 22. b5 Rc8 23. Nb3 Be6 24. Qc3 Qf8 25. Qxa5 Bb8 26. Nd4 e3 27. fxe3 Bd5 28. Nf5 Be4 29. Nd6 Bxd6 30. cxd6 Qxd6 31. Qe1 Rc2 32. Rd1 Qe7 33. Rd2 Qc7 34. Rxc2 {Kramnik,V (2753)-Le Tuan Minh (2567) chess.com INT 2024 ½-½ (78)}) 20. Nxe4 dxe4 21. Nb5 Bb8 22. Bb2 axb4 23. Re1 Bf5 24. Qb3 Bf4 25. Qxb4 Qd7 26. Qd4 Qxd4 27. Nxd4 Bd7 28. Bb5 Bxb5 29. axb5 Ra2 30. Bc3 Ra4 31. c6 Rc4 32. Ba1 bxc6 33. Nxc6 Bc7 34. Bd4 Nf4 35. Kf1 Nd5 36. Rxe4 Kh7 37. Re1 Nb4 38. Be5 Bb6 39. Nxb4 Rxb4 40. g3 Rxb5 41. Bf4 Rb2 42. Be3 Bxe3 43. Rxe3 Rb1+ 44. Kg2 g6 45. h4 h5 46. Rf3 Kg7 47. Re3 Kh7 48. Rf3 Kg7 49. Re3 Kh7 1/2-1/2